La démocratie participative (notice n° 1567984)
[ vue normale ]
| 000 -LEADER | |
|---|---|
| fixed length control field | 01320cam a2200133 4500500 |
| 005 - DATE AND TIME OF LATEST TRANSACTION | |
| control field | 20251214003804.0 |
| 041 ## - LANGUAGE CODE | |
| Language code of text/sound track or separate title | fre |
| 042 ## - AUTHENTICATION CODE | |
| Authentication code | dc |
| 100 10 - MAIN ENTRY--PERSONAL NAME | |
| Personal name | Gaudin, Jean-Pierre |
| Relator term | author |
| 245 00 - TITLE STATEMENT | |
| Title | La démocratie participative |
| 260 ## - PUBLICATION, DISTRIBUTION, ETC. | |
| Name of publisher, distributor, etc. | Armand Colin,<br/> |
| Date of publication, distribution, etc. | 2013.<br/> |
| 520 ## - SUMMARY, ETC. | |
| Summary, etc. | La démocratie n’est-elle pas nécessairement « participative » ? C’est en principe le gouvernement de tous et l’implication de chaque citoyen dans les choix collectifs. Pourtant, l’idée de « démocratie participative » s’est aujourd’hui peu à peu diffusée, par différence avec la démocratie représentative classique. Son principe général est simple : les citoyens doivent être consultés avant la prise de décision politique. Mais son application soulève de nombreuses difficultés : comment organiser la consultation, jusqu’où aller dans la concertation, comment ne pas se contenter d’une « société civile » cooptée, quels sont les risques de populisme ? Mis à jour pour cette nouvelle édition, cet ouvrage prend appui sur des études de cas destinées à organiser la réflexion et à donner des grilles de lecture, afin de comprendre les enjeux de la participation. |
| 856 41 - ELECTRONIC LOCATION AND ACCESS | |
| Uniform Resource Identifier | <a href="https://shs.cairn.info/la-democratie-participative--9782200288648?lang=fr&redirect-ssocas=7080">https://shs.cairn.info/la-democratie-participative--9782200288648?lang=fr&redirect-ssocas=7080</a> |
Pas d'exemplaire disponible.




Réseaux sociaux